Discovering the Chesapeake (Record no. 10228)
[ view plain ]
| 000 -LEADER | |
|---|---|
| fixed length control field | 01471nam a2200349Ia 4500 |
| 082 04 - DEWEY DECIMAL CLASSIFICATION NUMBER | |
| Classification number | 975.5/18 |
| 245 00 - TITLE STATEMENT | |
| Title | Discovering the Chesapeake |
| 260 ## - PUBLICATION, DISTRIBUTION, ETC. (IMPRINT) | |
| Place of publication | Baltimore, Md. ; |
| -- | London : |
| Name of publisher | Johns Hopkins University Press, |
| Year of publication | 2001. |
| 300 ## - PHYSICAL DESCRIPTION | |
| Number of Pages | 417 p. |
| 500 ## - GENERAL NOTE | |
| General note | Includes index. |
| 650 #0 - SUBJECT ADDED ENTRY--TOPICAL TERM | |
| Topical Term | Human ecology |
| Topical Term | Natural history |
| Topical Term | Nature |
| 700 1# - ADDED ENTRY--PERSONAL NAME | |
| Personal name | Curtin, Philip D. |
| Personal name | Brush, Grace Somers. |
| Personal name | Fisher, George Wescott, |
| 856 40 - ELECTRONIC LOCATION AND ACCESS | |
| Uniform Resource Identifier | http://site.ebrary.com/lib/rucke/Doc?id=10021509 |
No items available.
